000 00891nam a22002537a 4500
005 20170123162320.0
010 _aA-369895
020 _a15.00
035 _aA-369895
037 _bCen Lib/Ret
040 _aDPL
_bUR
082 _a847
_bا ب و
100 _aابل کلام آزاد
_9116617
245 _aتنزیاات آزاد :
_c ابل کلام آزاد
_bحدیث غاشیہ /
246 _aTanziyat azad : hadees ghashiya /
_bby Abul kalam Azad
260 _aنیی دہلی
_bاتقاد پبلشنگ ہاؤس
_c1987
270 _bنیی دہلی
_a١٤٥، کوٹنا سٹریٹ سویی ولن
_e110002
300 _a230p.
_c19cm(Hb)
650 _aاردو ادب
_9116618
650 _aاردو سوانے عمری
_9116619
650 _aUrdu literature
_9116620
650 _aUrdu biography
_9511
942 _2ddc
_cUR
_h847
_mا ب و
999 _c107011
_d107011